Visionary film: the american avant-grade 1943-1978
Zapisane w:
| 1. autor: | |
|---|---|
| Format: | Książka |
| Język: | angielski |
| Wydane: |
Nueva York
Oxford University
1979
|
| Wydanie: | 2a. ed |
| Hasła przedmiotowe: | |
| Etykiety: |
Dodaj etykietę
Nie ma etykietki, Dołącz pierwszą etykiete!
|
MARC
| LEADER | 00000nam a2200000 a 4500 | ||
|---|---|---|---|
| 001 | UCO4940 | ||
| 003 | CL-VaPUC | ||
| 008 | 000825e19790000US |||||||||||||||||eng|d | ||
| 082 | 0 | 4 | |a 791.437 |b SIT |2 21 |
| 100 | 0 | |a Sitney, P. Adams |e author |9 449634 | |
| 245 | 1 | 0 | |a Visionary film: the american avant-grade 1943-1978 |
| 250 | |a 2a. ed | ||
| 300 | |a 463 p | ||
| 942 | |c BK | ||
| 945 | |d 20000825 00:00:00 |a crobeson | ||
| 260 | |a Nueva York |b Oxford University |c 1979 | ||
| 650 | 7 | |a CINE EXPERIMENTAL |2 CL-VaPUC |9 449635 | |
| 650 | 7 | |a CINE ESTADOUNIDENSE |2 CL-VaPUC |9 449636 | |
| 650 | 0 | |a Vanguardias en el cine |9 449637 | |
| 650 | 0 | |a Historia y crítica |9 257407 | |
| 583 | |a last modification |c 20000825 00:00:00 |k Rodrigo Vera | ||
| 999 | |c 290899 |d 290897 | ||
| 952 | |0 0 |1 0 |4 0 |6 791_437000000000000_SIT_1979 |7 0 |8 R |9 340513 |a BIBART |b BIBART |d 2019-11-20 |i 1217100 |o 791.437 SIT 1979 |p 1217100 |r 2025-03-13 |w 2019-11-20 |y BK_R |k ART | ||